Rozbroić bombę #1 - Zasady podzielności liczb - Statystyki

Ogólne statystyki
  • Ten quiz został rozwiązany 38 razy
  • Średni wynik to 7 z 21
Answers on the Grid
Answers color-coded by a green-red scale on the quiz's grid according to % correct below.
3024
5748
6921
8677
9972
4514
6302
5398
2412
1784
7423
3213
8802
8994
2001
9271
8282
2532
7426
1101
7872
8498
9294
5271
3648
8548
7741
3924
5504
6612
9482
6417
2159
1323
5814
4518
2198
9871
6525
1874
 
Statystyki odpowiedzi
Odpowiedź % Poprawnych
3024
88%
5748
76%
9972
60%
1784
48%
2412
44%
3213
44%
8802
44%
2001
40%
8994
40%
1101
36%
7872
36%
2532
32%
9294
28%
3648
24%
3924
20%
5814
16%
6417
16%
6525
16%
6612
16%
1323
12%
4518
12%
Nie znaleziono quizów pasujących do podanych kryteriów
Rozkład punktacji
Procent ludzi z każdym wynikiem
Percentyl według liczby udzielonych odpowiedzi
Twoja historia wyników
Nie rozwiązałeś tego quizu